000 00966nac a2200253 a 4500
003 CO-PeBPM
005 20250826182243.0
007 ta
008 250826s2008 ck a|||| |||| 00| 0 spa d
020 _a9789584429841
040 _aCO-PeBPM
_bspa
_cCO-PeBPM
_erda
041 _aspa
082 0 4 _a372.21 V494e
_222
100 1 _aVergara Gómez, Víctor
_eautor
245 1 0 _aLa educación inicial
_b : Guía de gestión, fundamentación y aplicación, para instituciones y agentes educadores en la primera infancia
_c/ Víctor Vergara Gómez
250 _aPrimera edición
260 _aBogotá, Colombia
_b: Asociación Nacional de Preescolar y Educación Inicial
_c, 2008
300 _a180 páginas
_bilustraciones en blanco y negro
_c21 centímetros
490 _aEducación infantil
500 _aProyecto pedagógico adaptable para 5 escalas de edad
650 1 4 _aEducación de niños
_2LEMB
650 1 4 _aEducación preescolar
_2LEMB
942 _2ddc
_cBK
_n0
999 _c61213
_d61213